[Event "Konnerud GP"]
[Site "Konnerud"]
[Date "2017.11.19"]
[Round "5"]
[White "Aarnes, Carl Christian"]
[Black "Melbye, Tor Vegard"]
[Result "1-0"]
[WhiteElo "1784"]
[BlackElo "1646"]
[PlyCount "94"]
[EventDate "2017.11.18"]
[EventType "swiss"]
[EventRounds "5"]
[EventCountry "NOR"]
[SourceTitle "EXT 2024"]
[Source "ChessBase"]
[SourceDate "2023.10.10"]
[SourceVersion "1"]
[SourceVersionDate "2023.10.10"]
[SourceQuality "1"]

1. d4 d5 2. Nf3 Nf6 3. g3 e6 4. Bg2 Bd6 5. 0-0 Nbd7 6. Re1 0-0 7. c4 c6 8. Qc2 Re8 9. Bg5 h6 10. Bxf6 Qxf6 11. Nc3 Bb8 12. e4 dxe4 13. Nxe4 Qf5 14. Qb3 Qa5 15. Rad1 Qb6 16. Qc2 Qa5 17. Kh1 Qf5 18. Nh4 Qa5 19. a3 f5 20. Nc3 Nf6 21. Qb3 Qb6 22. Qa2 g5 23. Nxf5 Kh7 24. Ne3 h5 25. Qb1+ Kh6 26. c5 Qc7 27. Ne4 Nxe4 28. Qxe4 Bd7 29. Nc4 Rf8 30. Ne5 Rf6 31. Bf1 Be8 32. Bd3 Qg7 33. Kg2 Bc7 34. Bc4 Rd8 35. Rd3 Bg6 36. Nxg6 Rxg6 37. Red1 Rf8 38. R1d2 Rgf6 39. Rb3 b5 40. cxb6 Bxb6 41. f3 Qc7 42. Rbd3 c5 43. d5 exd5 44. Rxd5 Qc6 45. Qe3 Rg6 46. h4 Rfg8 47. hxg5+ Kh7 1-0

[Event "Konnerud GP"]
[Site "Konnerud"]
[Date "2017.11.18"]
[Round "2"]
[White "Melbye, Tor Vegard"]
[Black "Helgoy, Hakon"]
[Result "1-0"]
[WhiteElo "1646"]
[BlackElo "1546"]
[PlyCount "81"]
[EventDate "2017.11.18"]
[EventType "swiss"]
[EventRounds "5"]
[EventCountry "NOR"]
[SourceTitle "EXT 2024"]
[Source "ChessBase"]
[SourceDate "2023.10.10"]
[SourceVersion "1"]
[SourceVersionDate "2023.10.10"]
[SourceQuality "1"]

1. c4 Nf6 2. Nf3 g6 3. Nc3 c5 4. g3 d5 5. cxd5 Nxd5 6. Bg2 Nf6 7. d3 Bg7 8. 0-0 0-0 9. Bf4 Nc6 10. Nd2 Bd7 11. Nc4 Nh5 12. Be3 b6 13. Bf3 Qc8 14. Rb1 Rb8 15. Nd5 Bh3 16. Re1 e6 17. Nf4 Nxf4 18. Bxf4 e5 19. Be3 Rd8 20. a3 Nd4 21. Be4 f5 22. Bh1 f4 23. Bxd4 Rxd4 24. e3 fxe3 25. fxe3 Rd8 26. Qb3 Be6 27. Qc2 Rf8 28. Be4 Qc7 29. Qg2 Rbd8 30. Rf1 Bh6 31. Rxf8+ Rxf8 32. Bd5 Rf6 33. Bxe6+ Rxe6 34. Qh3 Bxe3+ 35. Nxe3 Rd6 36. Nc4 Rxd3 37. Qe6+ Kg7 38. Rf1 Qd8 39. Rf7+ Kh8 40. Qxe5+ Kg8 41. Qg7# 1-0